Gozos a Santa Marta : patrona de la Confraría de Santa Marta, d'Hostalés y Tabernés de Barcelona patrona de la Confraría de Santa Marta, d'Hostalés y Tabernés de Barcelona
Descripción Física:
1 f. : il. col. ; 34 cm
MARC
| LEADER | 00000nam a2200000Ia 4500 | ||
|---|---|---|---|
| 001 | 23604 | ||
| 008 | 160829s9999 xx 000 0 cat d | ||
| 080 | |a Calaixera A-355 | ||
| 245 | |a Gozos a Santa Marta : |b patrona de la Confraría de Santa Marta, d'Hostalés y Tabernés de Barcelona | ||
| 260 | |a Barcelona : |b Imp. Altés, [19--?] | ||
| 300 | |a 1 f. : |b il. col. ; |c 34 cm | ||
| 590 | |a Text a tres columnes separades per filets. | ||
| 650 | |a Marta, santa |x Goigs |9 49006 | ||
| 650 | |a Goigs catalans |9 49007 | ||
| 901 | |a Arxiu | ||
| 942 | |n 1 | ||
| 952 | |0 0 |1 0 |4 0 |6 CALAIXERA_A355 |7 1 |9 55033 |a Arxiu |b Arxiu |d 2012-08-22 |l 0 |o Calaixera A-355 |p 23604 |r 2016-12-01 00:00:00 |w 2016-12-01 |y ARXIU | ||
| 999 | |c 58903 |d 58903 | ||